000 02058cas a22003137a 4500
999 _c331069
_d331069
001 44953
003 UA-OsUOA
005 20190926105749.0
007 ta
008 200703c2006n ||ru qr|p||00| 0 ukrcdrus d
022 _a18106625
040 _aUA-OsUOA
_brus
_cUA-OsUOA
_dUA-OsUOA
041 _arus
044 _aUA
080 _a004
090 _a004
_bH-11
099 _a98566
245 _aHi-Tech Pro
_cглав. ред. Табаков В.
260 _aК.
_bЮнивест Принт
310 _aщоквартально
520 _aСтартовавший осенью 2006 года журнал hi-Tech PRO является следующим шагом в расширении круга изданий под брендом hi-Tech. Журнал нацелен на широкую аудиторию отечественных пользователей цифровых технологий. Сохраняя преемственность в стиле работы и добрые журналистские традиции, сформировавшиеся за более чем десятилетие выпуска журнала , редакция hi-Tech PRO намерена идти дальше. Сегодня она по-прежнему предлагает своим читателям знания и опыт лучшей на отечественном рынке команды экспертов, независимый взгляд и компетентные оценки самой крупной среди изданий Украины тестовой лаборатории, наиболее богатую подборку программ и материалов на DVD в каждом номере журнала hi-Tech PRO.
650 7 _a004 Інформаційні технології
_2UDC
856 _uhttps://hi-tech.ua/catalog-hi-tech-pro/
942 _cMG
_2udc
955 _a0
962 _d2006